00436nam a2200181Ia 4500003000400000005001700004008004100021020001500062040000700077041001200084082001900096100002000115245004100135260002900176365001300205650001400218650002200232OSt20250730181620.0210423s2003 xx 000 0 und d a8170337550 cAL aEnglish a307.762 bVYAP aVYASULU (Vinod) aPanchayats democracy and development bRawat Publicationsc2003 b395cINR aSociology aUrban Communities